| 000 | 00890cab a2200217 4500 | ||
|---|---|---|---|
| 001 | ABS44185 | ||
| 008 | 090401t1991 xxu||||| |||| 00| 0 eng d | ||
| 035 | _a(Sirsi) u45700 | ||
| 041 | _aeng | ||
| 100 | _aPowell-Smith, V. | ||
| 245 | _aDealing with clause 12 in arbitration | ||
| 260 | _c1991 | ||
| 350 | _a0 | ||
| 490 |
_aContract Journal _v357(5810) 28 February 1991, 7(1) |
||
| 520 | _aDiscusses the case of Morgan Grenfell (Local Authority Finance) Ltd v Seven Seas Dredging Ltd which examined whether the arbitrator , a civil engineer , had erred in making his award on a ground not originally advanced by either party. | ||
| 650 | _aCIVIL ENINEERING CONTRACTS | ||
| 650 | _aICE CONDITIONS OF CONTRACT (FIFTH EDITION) | ||
| 690 | _aMANAGEMENT-DISPUTE AVOIDANCE, MANAGEMENT AND RESOLUTION-DISPUTE MANAGEMENT AND RESOLUTION-ARBITRATION | ||
| 942 | _n0 | ||
| 948 | _c04/03/1997 | ||
| 999 |
_c28924 _d28924 |
||